| 000 | 00309nam a2200133 i 4500 | ||
|---|---|---|---|
| 001 | bg | ||
| 245 | 0 |
_aPoradnik inżyniera elektryka / _cp. red. B. Konarskiego. |
|
| 250 | _aWyd.2. | ||
| 260 |
_aWarszawa, _c1968. |
||
| 040 | _cBPK | ||
| 041 | _apol | ||
| 942 | _cKS | ||
| 008 | s pl f |000 0 pol | ||
| 999 |
_c4927 _d4927 |
||
| 856 |
_uhttp://koha.tu.koszalin.pl/cgi-bin/koha/opac-detail.pl?biblionumber=4927 _yKatalog online BPK |
||